Understanding Gandhi on caste and modernity (Record no. 527862)

000 -LEADER
fixed length control field 00876nam a22001337a 4500
008 - FIXED-LENGTH DATA ELEMENTS--GENERAL INFORMATION
fixed length control field 240930b ||||| |||| 00| 0 eng d
100 ## - MAIN ENTRY--PERSONAL NAME
Personal name Bilgrami, Akeel
245 ## - TITLE STATEMENT
Title Understanding Gandhi on caste and modernity
260 ## - PUBLICATION, DISTRIBUTION, ETC. (IMPRINT)
Place of publication, distribution, etc Social Scientist
300 ## - PHYSICAL DESCRIPTION
Extent 52(7-8), Jul-Aug, 2024: p.3-30
520 ## - SUMMARY, ETC.
Summary, etc After ten years of it dark night of the soul, Indian politics found, on the 4th of June, that it had groped its way into tentative shaft of light: and though the sour stink of fascism is still in the air, we are now at least able to breathe. For this entire dishonorable decade, the present speaker was at a comfortable distance in New York, without cause of fear since all he did was fantasies that the brigands who were running his country world, by some marvelous change, all brak their nukes. – Reproduced
773 ## - HOST ITEM ENTRY
Main entry heading Social Scientist
942 ## - ADDED ENTRY ELEMENTS (KOHA)
Item type Articles

No items available.

Powered by Koha